01121nam a2200277 a 4500001000400000003001000004005001700014008004100031020001800072040002500090080002100115090002100136100003700157245016000194260003800354300002700392504003600419650003600455650002400491650002600515650002700541942001200568952012500580952012500705999001300830466BR-CuiBMT20231109234740.0231107s2012 mgba 001 0 por d a9788577005741 aBR-CuiBMTcBR-CuiBMT a34:336.22522007 a34:336.225bO48a1 aOliveira, Vicente kleber de Melo12aA administração tributária como atividade essencial ao funcionamento do estado /cVicente kleber de Melo Oliveira ; Heleno Taveira Torres prefácio. aBelo Horizonte :bFórum,c2012. a294 p. ;bil. :c22 cm aInclui bibliografia e índice. aFinanças públicasxControle aDireito empresarial aDireito tributário  aDireito administrativo 2udccLV 00102udc4070aBIBTCEMTbBIBTCEMTd2019-08-15l0o34:336.225 O48apBIBTCEMT23110401r2023-11-09tEx. 1w2023-11-09yLV 00102udc4070aBIBTCEMTbBIBTCEMTd2019-08-15l0o34:336.225 O48apBIBTCEMT23110402r2023-11-09tEx. 2w2023-11-09yLV c466d466